Music Quiz

Random Music or Rock Quiz

Rolling Stone's Top 100 Albums of the '90s Quiz Stats

 Plays Quiz Updated Jun 1, 2019

Score 0/100 Timer 19:00
10 Plays Today
Album Artist % Correct
1. NevermindNirvana
96.1%
7. In UteroNirvana
96.1%
95. MTV Unplugged in New YorkNirvana
96.1%
33. The Slim Shady LPEminem
87.7%
3. OK ComputerRadiohead
80%
21. The BendsRadiohead
80%
4. Achtung BabyU2
78.1%
61. ZooropaU2
78.1%
30. DookieGreen Day
76.8%
14. DoggystyleSnoop Doggy Dogg
75.7%
19. Blood Sugar Sex MagikRed Hot Chili Peppers
74.6%
34. (What's the Story) Morning GloryOasis
74.4%
78. Definitely MaybeOasis
74.4%
6. TenPearl Jam
70.2%
52. VitalogyPearl Jam
70.2%
2. The ChronicDr. Dre
68.8%
58. Janet.Janet Jackson
66%
18. Automatic For the PeopleR.E.M.
65.7%
68. Out of TimeR.E.M.
65.7%
45. Jagged Little PillAlanis Morissette
65.6%
23. Siamese DreamThe Smashing Pumpkins
64.2%
82. Mellon Collie and the Infinite SadnessThe Smashing Pumpkins
64.2%
28. Ray of LightMadonna
63.5%
5. The Miseducation of [ARTIST]Lauryn Hill
63%
17. Reasonable DoubtJay-Z
62.4%
46. Vol. 2...Hard Knock LifeJay-Z
62.4%
50. All Eyez On Me2Pac
59.4%
41. Use Your Illusion I & IIGuns N Roses
57.9%
9. OdelayBeck
56.4%
56. Mama Said Knock You OutL.L. Cool J
54.2%
8. Ready to DieThe Notorious B.I.G.
53.7%
66. Life After DeathThe Notorious B.I.G.
53.7%
13. Ill CommunicationBeastie Boys
52.8%
16. [ARTIST] (Sad But True)Metallica
51.5%
Album Artist % Correct
43. CrazySexyCoolTLC
50.9%
38. SuperunknownSoundgarden
49.1%
40. Harvest MoonNeil Young
46.7%
77. Ragged GloryNeil Young and Crazy Horse
46.7%
48. PinkertonWeezer
45.3%
27. [ARTIST] (Bombtrack)Rage Against the Machine
44.9%
74. The Battle of Los AngelesRage Against the Machine
44.9%
89. Into the Great Wide OpenTom Petty and the Heartbreakers
43.8%
12. WildflowersTom Petty
43.8%
54. The Ghost of Tom JoadBruce Springsteen
40.4%
25. [ARTIST] (Santeria)Sublime
39.6%
29. Enter the [ARTIST] (36 Chambers)Wu-Tang Clan
38.9%
32. The Downward SpiralNine Inch Nails
38.4%
26. IllmaticNas
38.1%
84. Antichrist SuperstarMarilyn Manson
34.2%
76. Bridges to BabylonThe Rolling Stones
32.4%
11. AqueminiOutkast
31.7%
44. The ScoreFugees
31.5%
73. Supa Dupa FlyMissy 'Misdemeanor' Elliott
31.4%
67. August and Everything AfterCounting Crows
31.3%
22. GraceJeff Buckley
30.2%
31. Time Out of MindBob Dylan
30.1%
57. ViolatorDepeche Mode
26.9%
37. American RecordingsJohnny Cash
25.8%
55. Ritual de lo HabitualJane's Addiction
25.7%
20. Exile in GuyvilleLiz Phair
22.7%
91. BossanovaThe Pixies
22.2%
36. The Low End TheoryA Tribe Called Quest
22%
10. Crooked Rain, Crooked RainPavement
21.9%
24. Slanted and EnchantedPavement
21.9%
47. DummyPortishead
21.1%
64. I Do Not Want What I Haven't GotSinéad O'Connor
20.7%
85. Different ClassPulp
20.3%
59. [ARTIST] (How I Could Just Kill a Man)Cypress Hill
20%
Album Artist % Correct
65. BaduizmErykah Badu
20%
60. Funky DivasEn Vogue
19.1%
81. PostBjörk
18.7%
93. Moon SafariAir
17.3%
80. Last SplashThe Breeders
17.2%
15. Car Wheels on a Gravel RoadLucinda Williams
17%
83. TidalFiona Apple
16.1%
39. LovelessMy Bloody Valentine
15.7%
92. The Soft BulletinThe Flaming Lips
15.6%
94. Mermaid AvenueBilly Bragg & Wilco
14.5%
53. Bone MachineTom Waits
14.3%
35. Being ThereWilco
13.7%
42. Rid of MePJ Harvey
13.7%
71. Endtroducing...DJ Shadow
13.4%
62. Only Built 4 Cuban Linx...Raekwon
13%
51. ProtectionMassive Attack
11.9%
75. If You're Feeling SinisterBelle and Sebastian
11.6%
96. Selected Ambient Works, Volume IIAphex Twin
11.6%
72. Dig Your Own HoleThe Chemical Brothers
11.3%
70. MaxinquayeTricky
10.9%
97. 69 Love SongsThe Magnetic Fields
9.9%
69. The CarnivalWyclef Jean
9.2%
100. Everything Is WrongMoby
9.2%
87. [ARTIST] Is DeadDe La Soul
8.8%
88. [ARTIST] (You Remind Me of Something)R. Kelly
8.3%
63. My LifeMary J. Blige
7.8%
90. One in a MillionAaliyah
7.5%
86. I Can Hear the Heart Beating as OneYo La Tengo
7.2%
79. Bee ThousandGuided By Voices
7%
98. [ARTIST] (Chan Chan)Buena Vista Social Club
5.3%
49. Call the DoctorSleater-Kinney
5.2%
99. PenthouseLuna
2.8%

You're not logged in!

Compare scores with friends on all Sporcle quizzes.
OR
Log In

Sporcle TV

Today on Sporcle TV


Watch our educational content, quiz creation guides, and fun videos on Sporcle TV.

Show Comments

Extras

Top Quizzes Today


Score Distribution

Your Account Isn't Verified!

In order to create a playlist on Sporcle, you need to verify the email address you used during registration. Go to your Sporcle Settings to finish the process.

Report this User

Report this user for behavior that violates our Community Guidelines.

Details: